Supreme Court Act and Rules of the Supreme Court of Namibia (Record no. 172)

MARC details
000 -LEADER
fixed length control field 00437nam a22001577a 4500
005 - DATE AND TIME OF INPUT
control field 20231031085427.0
008 - DATA ELEMENTS--GENERAL INFORMATION
fixed length control field 231031b |||||||| |||| 00| 0 eng d
041 ## - LANGUAGE CODE
Language code of text English
082 ## - SHELF NUMBER
DDC number 347.1 SUP
100 ## - MAIN AUTHOR
Language of a work English
245 ## - TITLE STATEMENT
Title Supreme Court Act and Rules of the Supreme Court of Namibia
260 ## - PUBLICATION, DISTRIBUTION, ETC.
Date of publication, distribution, etc. 1990
300 ## - PHYSICAL DESCRIPTION
Other physical details 27 pages ;
Dimensions 34 cm.
650 ## - SUBJECT`
Broad subject legal practice
Own subject terms Law
942 ## - ADDED ENTRY ELEMENTS (KOHA)
Item type Books
942 ## - ADDED ENTRY ELEMENTS (KOHA)
-- ALISON_BN_VRIES
Holdings
Source of classification or shelving scheme Not for loan Collection code Home library Current library Shelving location Date acquired Full call number Barcode Price effective from Koha item type
Dewey Decimal Classification   TEXT BOOKS LAW SOCIETY OF NAMIBIA LIBRARY - WINDHOEK LAW SOCIETY OF NAMIBIA LIBRARY - WINDHOEK Evidence law 10/31/2023 347.1 SUP LSN/2003/18 10/31/2023 Books